Postmodernism and English literature / (Record no. 27622)

MARC details
000 -LEADER
fixed length control field 00942nam a22002775i 4500
003 - CONTROL NUMBER IDENTIFIER
control field EG-ScBUE
005 - DATE AND TIME OF LATEST TRANSACTION
control field 20190916105141.0
008 - FIXED-LENGTH DATA ELEMENTS--GENERAL INFORMATION
fixed length control field 190916s2017 ii f b 001 0 eng d
020 ## - INTERNATIONAL STANDARD BOOK NUMBER
International Standard Book Number 9788131101995
040 ## - CATALOGING SOURCE
Original cataloging agency EG-ScBUE
Description conventions rda
Language of cataloging eng
Transcribing agency EG-ScBUE
Modifying agency EG-ScBUE
082 04 - DEWEY DECIMAL CLASSIFICATION NUMBER
Classification number 820.9
Item number DAS
Edition number 22
100 1# - MAIN ENTRY--PERSONAL NAME
Personal name Das, Krishan,
Relator term author.
245 10 - TITLE STATEMENT
Title Postmodernism and English literature /
Statement of responsibility, etc Krishan Das, Deepchand Patra.
264 #1 - PUBLICATION, DISTRIBUTION, ETC. (IMPRINT)
Place of publication, distribution, etc New Delhi :
Name of publisher, distributor, etc Commonwealth Publishers,
Date of publication, distribution, etc 2017.
300 ## - PHYSICAL DESCRIPTION
Extent 262 pages ;
Dimensions 22 cm.
336 ## - CONTENT TYPE
Content type term text
Content type code txt
Source rdacontent
337 ## - MEDIA TYPE
Media type term unmediated
Media type code n
Source rdamedia
338 ## - CARRIER TYPE
Carrier type term volume
Carrier type code nc
Source rdacarrier
504 ## - BIBLIOGRAPHY, ETC. NOTE
Bibliography, etc Includes bibliographical references and index.
650 #7 - SUBJECT ADDED ENTRY--TOPICAL TERM
Topical term or geographic name as entry element Postmodernism (Literature)
Source of heading or term BUEsh
9 (RLIN) 39423
650 #7 - SUBJECT ADDED ENTRY--TOPICAL TERM
Topical term or geographic name as entry element English literature
General subdivision History and criticism.
Source of heading or term BUEsh
9 (RLIN) 19770
653 ## - INDEX TERM--UNCONTROLLED
Resource For college Humanities: English
Arrived date list September2019
655 ## - INDEX TERM--GENRE/FORM
Form subdivision Reading book
700 1# - ADDED ENTRY--PERSONAL NAME
Personal name Patra, Deepchand,
Relator term author.
942 ## - ADDED ENTRY ELEMENTS (KOHA)
Source of classification or shelving scheme Dewey Decimal Classification
Koha item type Book - Borrowing
Holdings
Withdrawn status Lost status Source of classification or shelving scheme Damaged status Not for loan Collection code Home library Current library Shelving location Date acquired Source of acquisition Cost, normal purchase price Total Checkouts Full call number Barcode Date last seen Cost, replacement price Price effective from Koha item type
    Dewey Decimal Classification     Baccah Central Library Central Library Second Floor 16/09/2019 Purchase 717.00   820.9 DAS 000048064 15/07/2025 896.25 16/09/2019 Book - Borrowing